Quiz sur le Sénégal - Statistiques

Statistiques générales
  • Ce quiz a été pris 12 369 fois
  • Le résultat moyen est 12 sur 20
Statistiques - réponses
Question Réponse % Correct
Capitale et ville la plus peuplée Dakar
97%
Pays frontaliers Mali
89%
Pays frontaliers Mauritanie
88%
Religion la plus pratiquée Islam
87%
Pays frontaliers Guinée
84%
Pays frontaliers Gambie
82%
Animal national Lion
76%
Pays frontaliers Guinée-Bissau
69%
Celle-ci est, géographiquement, la ville la plus ___ du continent africain Occidentale
66%
Corps de militaires français qui appartenait aux troupes coloniales qui regroupait l'ensemble des soldats français africains de couleur noire {Tirailleurs} sénégalais
58%
Principal groupe ethnique et langue parlée par 73% de la population W{olof}
58%
Footballeur sénégalais qui fut le meilleur buteur de la Premier League en tant qu'attaquant de Liverpool lors de la saison 2018 - 2019 Sadio Mané
57%
L'Île de Gorée est considérée comme l'« île-mémoire » de ce crime contre l'Humanité (reconnu comme tel par la France depuis la Loi Taubira) Esclavage
51%
Poète, ministre français et premier membre africain de l'Académie Française, qui fut le premier président de la République du Sénégal de 1960 à 1980 Léopold Sédar {Senghor}
47%
Animal qui a causé la mort de 25 pécheurs sur ce fleuve en 10 ans Hippopotame
43%
Ancienne capitale coloniale, nommée en l'honneur d'un roi français Saint-Louis
39%
Plus long fleuve Sénégal
38%
Frontière sud semi-aride du Sahara qui recouvre le Sénégal Sahel
34%
Chanteur sénégalais engagé, sunommé le « Roi du mbalax », qui a notamment interprété 7 Seconds et La Cour des grands Youssou N'Dour
29%
Légumineuse qui représente 3% des exportations du Sénégal Cacahuète
11%
Aucun quiz correspondant
Distribution des résultats
% des personnes avec chaque résultat
Percentile par nombre de réponses
Votre historique - résultats
Vous n’avez pas pris ce quiz